| 000 | 00499nam a22001457a 4500 | ||
|---|---|---|---|
| 005 | 20240423155722.0 | ||
| 008 | 240423b |||||||| |||| 00| 0 eng d | ||
| 082 |
_a297.63 _bFAZ-A |
||
| 100 | _aAbū al-Fāz̤il Qāz̤ī ̒Ayāz̤ | ||
| 245 |
_aAl-shifā’ : _b bata̒rīf ḥaqūq-i al-Muṣtafá Ṣallallāhu ̒alaihi va sallam / _cAbū al-Fāz̤il Qāz̤ī ̒Ayāz̤ |
||
| 260 |
_aPakistan : _bMuktabah Rehmaniya ; |
||
| 300 |
_a335 p. : _c25 cm. |
||
| 650 | _aLiterature / Islamic | ||
| 999 |
_c35583 _d35583 |
||